000 00428cam a2200169ua 4500
041 _aeng
_h
082 _a531.3
_bHOU/AP
100 _aHousner, George W .
245 _aApplied mechanics dynamics /
_cGeorge Housner W.
_hTextual Documents
250 _a2 /
_b.
260 _aNew York :
_bD Van nostrand co ,
_c1963.
300 _a392 ; .
504 _a
700 1 _aHudson, Donald E.
942 _cBK
999 _c8728
_d8728